000 01023cam a22002771 4500
001 434
003 BD-RjUL
005 20211208233158.0
008 131207r19551954xx 000 0 eng
035 _a(BD-RjUL)451
040 _aDLC
_cODaWU
_dDLC
_d(BD-RjUL
_beng
041 _aeng
082 0 4 _2 22
_a025.00285
_bCAI 1955
100 1 _aCarnovsky, Leon,
_d1903-
_91357
245 1 0 _aInternational aspects of librarianship /
_cLeon Carnovsky
260 _a[Chicago] :
_bUniversity of Chicago Press,
_cc1954 [Impression 1955].
300 _a124 p. ;
_c25 cm.
410 2 0 _aChicago (Ill.).
_bUniversity.
_bGraduate Library School.
_bLibrary Conference.
_tPapers presented before the annual conference,
_v1953
490 1 _aUniversity of Chicago. University of Chicago studies in library science
504 _aBibliographical footnotes.
650 0 _aLibrary cooperation.
_91358
830 0 _aUniversity of Chicago studies in library science.
_9115983
942 _2ddc
_cBK
999 _c434
_d434